Statistics for Countries That End in EA

Click here to take the quiz!

General Stats

  • This quiz has been taken 212 times
  • The average score is 4 of 6

Answer Stats

Country% Correct
Eritrea
86%
Guinea
79%
Papua New Guinea
60%
Equatorial Guinea
58%
North Korea
57%
South Korea
57%

Score Distribution

Percentile by Number Answered

Percent of People with Each Score

Your Score History

You have not taken this quiz